000 00665nam a22002057a 4500
999 _c8051
_d8051
003 OSt
005 20230117115448.0
008 230117b ||||| |||| 00| 0 eng d
020 _a9780255366380
040 _cddc
082 _a362.5 NIE 2011
100 _aNiemietz, Kristian.
_916383
245 _aA new understanding of poverty :
_bpoverty measurement and policy implications.
260 _aLondon :
_b Institute of Economic Affairs,
_c2011.
300 _a247 pages :
_b illustrations ;
_c 20 cm
504 _aIncludes bibliographical references.
650 _aPoverty -- Research.
_916384
650 _aPoverty -- Measurement.
_916385
942 _2ddc
_cBOOK